WWE - Lita's PPV Opponents - Statistics

General Stats
  • This quiz has been taken 404 times
    330 since last reset
  • The average score is 30 of 40
Answer Stats
Year Event Match Type Opponent % Correct
2000 Fully Loaded 6-Person Mixed Tag Team Match Trish Stratus
99%
2001 Survivor Series 6-Pack Challenge Match Trish Stratus
99%
2002 WrestleMania X8 Triple Threat Match Trish Stratus
99%
2004 Bad Blood Fatal 4-Way Match Trish Stratus
99%
2004 Survivor Series Trish Stratus
99%
2005 New Year's Revolution Trish Stratus
99%
2006 Unforgiven Trish Stratus
99%
2022 Elimination Chamber Becky Lynch
82%
2006 Cyber Sunday Divas Lumberjack Match Mickie James
82%
2006 Survivor Series Mickie James
82%
2018 Evolution Tag Team Match Mickie James
82%
2001 Invasion Bra & Panties Tag Team Match Torrie Wilson
81%
2001 Judgment Day Chyna
78%
2001 Rebellion Tag Team Match Mighty Molly
78%
2001 Survivor Series 6-Pack Challenge Match Mighty Molly
78%
2003 Unforgiven Tag Team Match Molly Holly
78%
2003 Survivor Series Molly Holly
78%
2004 Backlash Victoria
77%
2004 Bad Blood Fatal 4-Way Match Victoria
77%
2001 Survivor Series 6-Pack Challenge Match Jazz
76%
2002 WrestleMania X8 Triple Threat Match Jazz
76%
2003 Armageddon Battle of the Sexes Tag Team Match Christian
75%
2001 Survivor Series 6-Pack Challenge Match Jacqueline
73%
2000 Survivor Series Ivory
72%
2000 Rebellion Ivory
72%
2001 Survivor Series 6-Pack Challenge Match Ivory
72%
2003 Armageddon Battle of the Sexes Tag Team Match Chris Jericho
71%
2001 Invasion Bra & Panties Tag Team Match Stacy Keibler
71%
2001 Rebellion Tag Team Match Stacy Keibler
71%
2006 ECW One Night Stand 6-Person Mixed Tag Team Hardcore Match Tommy Dreamer
67%
2000 Fully Loaded 6-Person Mixed Tag Team Match Test
66%
2000 Fully Loaded 6-Person Mixed Tag Team Match Albert
64%
2003 Unforgiven Tag Team Match Gail Kim
59%
2004 Bad Blood Fatal 4-Way Match Gail Kim
59%
2006 ECW One Night Stand 6-Person Mixed Tag Team Hardcore Match Terry Funk
54%
2000 Armageddon 6-Person Mixed Tag Team Match Eddie Guerrero
51%
2018 Evolution Tag Team Match Alicia Fox
49%
2006 ECW One Night Stand 6-Person Mixed Tag Team Hardcore Match Beulah McGillicutty
44%
2000 Armageddon 6-Person Mixed Tag Team Match Perry Saturn
40%
2000 Armageddon 6-Person Mixed Tag Team Match Dean Malenko
39%
No matching quizzes found
Score Distribution
Percent of People with Each Score
Percentile by Number Answered
Your Score History
You have not taken this quiz since the last reset